Statistics for New England

Click here to take the quiz!

General Stats

  • This quiz has been taken 19 times
  • The average score is 20 of 27

Answer Stats

QuestionAnswer% Correct
In alphabetical order, name the 6 states that make up New EnglandConnecticut
100%
Maine
100%
Massachusetts
100%
To which state would you go if you were accepted to Yale University?Connecticut
94%
What is northernmost New England State?Maine
94%
New Hampshire
94%
Rhode Island
94%
Vermont
94%
Which state is home to the White Mountains?New Hampshire
88%
Which state's motto is "Live Free or Die"?New Hampshire
88%
Name the one New England state that has no coastline on the AtlanticVermont
88%
Which state is home to the Green Mountains?Vermont
88%
Nubble Lighthouse is located in which New England state?Maine
82%
This state is home to Brown UniversityRhode Island
82%
What city and state are home to the Basketball Hall of Fame?Springfield, Massachusetts
76%
This state was once an independent countryVermont
76%
In alphabetical order, name the three New England states that border New YorkConnecticut
71%
Massachusetts
71%
Vermont
71%
True or False: The Titanic sank within 10 days of the opening of Fenway ParkTrue
65%
True or False: New Hampshire has less than 20 miles of coastlineTrue
65%
What is the southernmost state in New England?Connecticut
59%
This Oscar winning screen writing duo grew up in together in MassachusettsBen Affleck
47%
Matt Damon
47%
This is the only US President born in ConnecticutGeorge W. Bush
41%
In 1954, this city and state hosted the first Jazz Festival in the U.S.Newport, Rhode Island
35%
What was the famous slogan of the American Revolution?"No taxation without representation!"
24%

Score Distribution

Percentile by Number Answered

Percent of People with Each Score

Your Score History

You have not taken this quiz